[Event "Elgoibar 10th"]
[Site "Elgoibar"]
[Date "2000.??.??"]
[Round "1"]
[White "Georgiev, Vladimir"]
[Black "Fernandez Garcia, Jose Luis"]
[Result "1/2-1/2"]
[WhiteElo "2564"]
[BlackElo "2454"]
[Annotator "Krasenkow,M"]
[PlyCount "58"]
[EventDate "2000.11.28"]
[EventType "tourn"]
[EventRounds "9"]
[EventCountry "ESP"]
[EventCategory "11"]
[SourceTitle "CBM 081"]
[Source "ChessBase"]
[SourceDate "2001.03.20"]
[SourceVersion "1"]
[SourceVersionDate "2001.03.20"]
[SourceQuality "1"]

1. d4 Nf6 2. c4 g6 3. Nc3 d5 4. cxd5 Nxd5 5. e4 Nxc3 6. bxc3 Bg7 7. Bc4 c5 8.
Ne2 Nc6 9. Be3 O-O 10. O-O Bg4 11. f3 Bd7 {A rare continuation comparing to} (
11... Na5) 12. Rc1 (12. Rb1 {is played more frequently.}) 12... Rc8 13. d5 (13.
Qd2 {allows the simplification of the position after} cxd4 14. cxd4 Qa5 $11 {
Kuzmin,A-Krasenkow,M/Moscow ch 1989}) 13... Ne5 (13... Na5 {removes the knight
to far from the crucial central points:} 14. Bd3 e5 (14... b5 $6 {allows a
kingside attack:} 15. f4 a6 16. Ng3 e6 17. f5 exf5 18. exf5 Re8 19. Qf3 Qe7 20.
Bd2 Qf8 21. Qf4 c4 22. Be4 Be5 23. Qf3 Qd6 24. Bg5 Nb7 25. Bb1 Nc5 26. Rce1 Rf8
27. Bh6 Bg7 28. Bxg7 Kxg7 29. h4 {Fiorito,F-Tsuboi,E/Buenos Aires TB 1989/1-0 
(49)}) 15. f4 exf4 16. Bxf4 Qe7 17. Qd2 $6 (17. Qe1 $142 $14 {I.Naumkin}) 17...
b5 18. Qe3 Be5 19. Qg3 f6 20. Rf3 Nb7 21. Rcf1 Nd6 22. h3 $6 (22. Bxe5 $1 fxe5
23. Rxf8+ Rxf8 24. Rxf8+ Kxf8 25. Qf2+ Nf7 26. c4 $3 $14 {><c5, I.Naumkin})
22... Nf7 23. Qf2 a5 $15 {Naumkin,I-Ftacnik,L/Beograd 1988/1-0 (43)}) 14. Bb3 (
14. Bd3 $5 c4 $140 15. Bb1) 14... c4 (14... e6 $6 15. c4 exd5 16. cxd5 Qa5 17.
f4 c4 18. fxe5 cxb3 19. Qxb3 Bb5 20. Rxc8 Rxc8 21. d6 Rf8 22. Qd5 Qa3 23. Bc5
Qb2 24. d7 Qxe2 25. Rxf7 $1 Kh8 26. h3 Rd8 27. e6 $18 {1-0 Morchat,
M-Gorjatschkin,W/Polanica Zdroj op 1995 (33)}) 15. Bc2 e6 $6 {A very risky
pawn sacrifice.} (15... Qa5 $142 $13) 16. Bxa7 (16. f4 Ng4 17. Bxa7 {doesn't
work in view of} b6 {[%cal Rg4e3]} 18. dxe6 (18. Rb1 Qh4 19. h3 Ne3) 18... fxe6
19. Rb1 (19. Qd6 Rc6) 19... Ne3 20. Qc1 (20. Bxb6 $2 Nxd1 21. Bxd8 Ne3) 20...
Nxf1 21. Bxb6 Qe7 22. Qxf1 e5 $17) 16... exd5 17. exd5 Qa5 ({After} 17... Ra8
18. Bc5 ({better than} 18. Bd4 Rxa2 19. f4 Ng4 20. Bxg7 Kxg7 21. Qd4+ Qf6 22.
Qxc4 Rfa8) 18... Re8 19. Ra1 Qa5 20. Bd4 Qxd5 21. Be4 Qe6 22. Bxb7 $16 {
Black has no compensation for the pawn.}) 18. Bf2 (18. Bd4 $5 {looks more
active but, amazingly, after} Qxd5 ({not} 18... Qxa2 19. Ra1 Qb2 20. Rb1 Qa3
21. Rxb7 $16) 19. Be4 Qa5 $1 {White apparently can't make use of the hanging
position of the black pieces:} 20. Bxb7 (20. Bxe5 Ba4 21. Qd5 Rc5 22. Qxb7 (22.
Bxg7 $2 Rxd5 23. Bxf8 Qa7+ 24. Nd4 (24. Kh1 Rd2) 24... Rxd4 25. cxd4 Qxd4+ 26.
Kh1 Kxf8 $17) 22... Bxe5 $44) (20. f4 Bc6 21. Bxe5 Qb6+ 22. Qd4 Qxd4+ 23. Nxd4
Bxe4 $11) 20... Rb8 ({Or} 20... Rc7 21. Be4 Qxa2 22. f4 (22. Bb6 Ba4) 22... Nd3
23. Bxd3 cxd3 24. Qxd3 Re8 {and Black shouldn't lose.}) 21. Be4 (21. Bxe5 $6
Qxe5 22. Qxd7 Qxe2) 21... Rfd8 22. Qd2 Bc6 {gives Black a decent compensation
for the pawn (pressure in the centre, weakness of the a2 pawn etc.).}) 18...
Nd3 $6 {Black decides to force the game but the simplifications are favourable
for White. Perhaps it was more difficult for White to use his extra pawn after}
(18... Rfd8) ({or} 18... Rfe8) 19. Bxd3 cxd3 20. Qxd3 Qxa2 21. Ra1 (21. Ng3 $1
{[%cal Yg3e4,Rc3c4] , to activate the knight, looks stronger.}) 21... Bf5 22.
Qb5 Qc2 23. Nd4 $4 {[%mdl 8192] A bad tactical oversight.} ({After} 23. Rad1 {
Black doesn't have any compensation for the missing pawn, and the d5 pawn must
decide the game.}) 23... Bd3 $1 24. Qxb7 $2 {This simply loses an exchange.} ({
After} 24. Nxc2 Bxb5 {Black recaptures the c3 pawn and, with a pair of bishops,
obtains an excellent position, e.g.} 25. Rfd1 Rxc3 26. Nd4 Bc4 $1 27. d6 Rd8
28. Bh4 Rd3 $1 29. Rxd3 Bxd3 30. Nb3 Bxa1 31. Bxd8 Be5 32. Be7 Bb5 $15) (24.
Qb4 {was probably enough for equality, although White must display real
rope-walking skill:} Qxc3 (24... Bxd4 $6 25. Bxd4 Bxf1 26. Rxf1 $44) 25. Qxc3
Rxc3 26. Rfd1 (26. Rfc1 Rc4 27. Rxc4 Bxc4 28. d6 Rd8 {and the d6 pawn falls})
26... Rd8 27. Ra5 b6 28. Raa1 Rxd5 29. Ne2 Rc8 30. Rac1 Rxc1 31. Nxc1 Bc4 32.
Rxd5 Bxd5 33. Bxb6 $11) ({It was better to play} 24. Qb6 $1 Qxc3 25. Rfe1 Rc4
26. Nb5 Qxa1 27. Rxa1 Bxa1 28. Bd4 Rc1+ 29. Kf2 Bxb5 30. Bxa1 Rxa1 31. Qxb5 {
with a likely draw.}) 24... Qxc3 25. Nc6 Bxf1 26. Rxf1 Bf6 {Black was probably
so happy to get out of trouble that he couldn't concentrate on playing for a
win.} (26... Ra8 {,activating the rook and threatening 27...Ra1, was quite
obvious. To} 27. Ba7 {Black replies} Rfe8 {[%cal Ra8a7,Yg7f8,Yf8c5]
threatening 27...Ra7 and preparing Bf8-c5.}) 27. h3 Kg7 28. Qd7 Qd3 29. Re1
Rfd8 $2 ({After} 29... Ra8 {White still had serious problems. Instead, Black
forces a draw.}) 1/2-1/2

[Event "Thessaloniki FIDE GP"]
[Site "Thessaloniki"]
[Date "2013.05.24"]
[Round "3"]
[White "Ivanchuk, Vassily"]
[Black "Dominguez Perez, Leinier"]
[Result "0-1"]
[WhiteElo "2755"]
[BlackElo "2723"]
[Annotator "Krasenkow,M"]
[PlyCount "78"]
[EventDate "2013.05.22"]
[EventType "tourn"]
[EventRounds "11"]
[EventCountry "GRE"]
[EventCategory "21"]
[SourceTitle "CBM 155"]
[Source "ChessBase"]
[SourceDate "2013.07.16"]
[SourceVersion "1"]
[SourceVersionDate "2013.07.16"]
[SourceQuality "1"]

1. d4 Nf6 2. c4 g6 3. Nc3 d5 4. cxd5 Nxd5 5. e4 Nxc3 6. bxc3 Bg7 7. Bc4 c5 8.
Ne2 Nc6 9. Be3 O-O 10. Rc1 Qa5 (10... cxd4 11. cxd4 Qa5+ {is the usual
reaction to this system.}) 11. O-O e6 12. Qb3 (12. f4 b5 (12... cxd4 13. cxd4
Bd7 14. d5 exd5 15. Bxd5 Nb4 16. Qd2 Rfd8 17. Bc5 Bf8 18. Bxf8 Rxf8 {1/2 (78)
Lobron,E (2575)-Lutz,C (2540) Munich 1992} 19. Nd4 $16) (12... Rd8 13. a4 b6
14. g4 Bb7 15. e5 Ne7 16. Ng3 Ba6 17. Bxa6 Qxa6 18. f5 cxd4 19. cxd4 Nd5 20.
Bg5 Rdc8 21. fxe6 fxe6 22. Ne4 h6 23. Nf6+ Bxf6 24. Bxf6 Rxc1 25. Qxc1 Qxa4 26.
Qxh6 Qxd4+ 27. Rf2 Qd1+ 28. Kg2 Qxg4+ 29. Kh1 Qd1+ {1/2 (29) Loderbauer,G 
(2225)-Ivanovic,Z (2186) ICCF Email 2000}) 13. Bb3 (13. Bd3 Rd8 $1 {P.Lukacs})
13... c4 14. Bc2 f5 (14... Re8 $5) 15. d5 $1 Rd8 16. d6 Bb7 17. e5 Nxe5 18.
fxe5 Bxe5 19. Bd4 Bxd6 20. Qd2 Qc7 21. Qg5 Bxh2+ 22. Kh1 $36 {1/2 (30) Lukacs,
P (2480)-Fogarasi,T (2395) Budapest 1993}) 12... b6 (12... Qc7 {is probably
more accurate:} 13. Qb2 b6 14. Qd2 Bb7 15. Bh6 Rfd8 16. Bxg7 Kxg7 17. Qe3 Rac8
18. h4 Qe7 19. h5 Qh4 20. g3 Qf6 21. Rfd1 cxd4 22. cxd4 Na5 23. Bd3 Kg8 $11 {
1/2 (27) Bluebaum,M (2428)-Libiszewski,F (2495) Sibenik 2012}) 13. Rfd1 Ba6 14.
Nf4 Bxc4 15. Qxc4 Rac8 16. d5 exd5 (16... Ne5 $142 17. Qe2 Rfe8 $11) 17. Nxd5 {
[%csl Gd5]} Rfe8 (17... Ne5 18. Qe2 Rfe8 19. f4 Nc6 20. e5 {is now favourable
for White.}) 18. Bf4 b5 {Black must break the blockade.} (18... Ne5 19. Bxe5
Bxe5 20. a4 $16 {[%csl Ra5]}) 19. Qxc5 Rxe4 20. Re1 Rxe1+ (20... Bf8 21. Bd6
Rc4 22. Nf6+ Kg7 (22... Kh8 23. Qd5 Bxd6 24. Ne8 $3 $16 Bf8 $140 $2 25. Qxf7 {
[%cal Rf7f8,Rf7f6,Rf6e6]}) 23. Ne8+ Rxe8 24. Rxe8 Rxc5 25. Bxf8+ Kf6 26. Bxc5
Qxa2 27. Rd1 {is favorable for White since his rooks are stronger than Black's
queen (indicated by GM M.Golubev).}) (20... Rc4 21. Qe3 {doesn't solve any
problems either.}) 21. Rxe1 {Black's queen is still out of play.} h6 22. h4 (
22. Bc7 Rxc7 23. Re8+ Kh7 24. Qd6 {is premature due to} Qxa2 25. g3 Ne5 $1 26.
Nxc7 (26. Rxe5 Bxe5 27. Qxe5 Rc6) 26... Qb1+ 27. Kg2 Qe4+) 22... Kh8 $2 {
Black overlooks a strong blow which breaks down his defence.} (22... Qxa2 $142
23. Qxb5 $14) 23. Bc7 $1 {[%mdl 64]} Qa6 (23... Rxc7 24. Re8+ Kh7 25. Qd6 {
[%cal Rd6c7,Rd5f6] is now winning for White.}) 24. Qd6 {[%cal Rd5e7]} Nb8 25.
Qf4 $1 $18 {[%cal Rc7b8,Rf4f7]} Qc6 26. Qxf7 $138 (26. Be5 $142 $1 $18 {
[%cal Rf4h6,Rf4f7]}) 26... Rf8 27. Qe6 Kh7 (27... Qxe6 28. Rxe6 {is hopeless
enough.}) 28. Bd6 Rd8 29. Nf6+ Kh8 30. Ne8 Qxc3 31. Bc7 (31. Nxg7 Rxd6 32. Qe8+
Kh7 33. Nh5 $18) 31... Rc8 32. Qxc8 $2 (32. Bf4 $142 {keeping all decisive
threats}) 32... Qxe1+ 33. Kh2 Be5+ 34. Bxe5+ Qxe5+ 35. g3 Kh7 36. Qb7+ Kg8 37.
f4 $4 {[%mdl 8192] A terrible blunder under time pressure.} (37. Nc7 Nd7 38.
Nxb5 {, winning a pawn, was still enough for an overall victory.}) 37... Qe2+
38. Kg1 Qe1+ 39. Kg2 Qe2+ {time} (39... Qe2+ 40. Kg1 Qxe8 $19) 0-1

[Event "Tata Steel-A 74th"]
[Site "Wijk aan Zee"]
[Date "2012.01.16"]
[Round "3"]
[White "Nakamura, Hikaru"]
[Black "Caruana, Fabiano"]
[Result "1/2-1/2"]
[WhiteElo "2759"]
[BlackElo "2736"]
[Annotator "Krasenkow,M"]
[PlyCount "83"]
[EventDate "2012.01.14"]
[EventType "tourn"]
[EventRounds "13"]
[EventCountry "NED"]
[EventCategory "21"]
[SourceTitle "CBM 147"]
[Source "ChessBase"]
[SourceDate "2012.03.16"]
[SourceVersion "1"]
[SourceVersionDate "2012.03.16"]
[SourceQuality "1"]

1. d4 Nf6 2. c4 g6 3. Nc3 d5 4. cxd5 Nxd5 5. e4 Nxc3 6. bxc3 Bg7 7. Bc4 c5 8.
Ne2 Nc6 9. Be3 O-O 10. O-O Na5 11. Bd3 b6 12. Qd2 e5 13. Bh6 exd4 14. Bxg7 Kxg7
15. cxd4 cxd4 16. f4 f6 17. f5 {A popular attacking continuation.} (17. e5 Bd7
$5 18. exf6+ Qxf6 19. Ng3 Kh8 20. f5 gxf5 21. Bxf5 Bxf5 22. Rxf5 Qd6 23. Raf1
Nc6 24. Ne4 Qe7 25. Qh6 Rxf5 26. Rxf5 Ne5 $13 {1/2 Topalov,V (2796)-Kamsky,G 
(2725)/Sofia 2009/CBM 129/[Marin,M] (36)}) (17. Rac1 Bg4 18. Ng3 Rc8 $1 19. f5
Nc6 $13) 17... Nc6 {The most logical move. The following games show problems
Black can face here:} (17... Bd7 18. Nf4 Nc6 19. Bb5 Ne5 20. Qxd4 g5 21. Ne6+
Bxe6 22. Qxd8 Rfxd8 23. fxe6 Ng6 24. Rac1 Rac8 25. e5 $1 fxe5 26. Rf7+ Kg8 27.
Rxc8 Rxc8 28. Rxa7 $18 {1-0 Najer,E (2665)-Safarli,E (2594)/Moscow 2010/CBM
135 (38)}) (17... Qd6 18. Nf4 $1 gxf5 (18... g5 19. e5 $1 Qxe5 20. Rae1 $40)
19. exf5 Nc6 20. Rae1 Ne5 21. Rxe5 $1 Qxe5 22. Re1 Qc7 23. Qf2 Qf7 24. Qg3+ Kh6
25. Re6 $1 $18 {1-0 Korobov,A (2657)-Smith,A (2416)/Pardubice 2010/CBM 137
Extra (30)}) 18. Bb5 Ne5 19. Nxd4 gxf5 {Black intends to benefit from the
opening of the g-file.} (19... a6 $6 {just pushes White's bishop to a better
position:} 20. Ba4 Qe7 21. Rac1 Rd8 22. Bb3 Ra7 23. Be6 $1 Bb7 24. Bd5 Bc8 25.
Be6 Bb7 26. Qe3 Qd6 27. fxg6 hxg6 28. Rfd1 Qe7 29. Bh3 $16 {1-0 Giri,A (2642)
-Bok,B (2430)/Eindhoven 2010/CBM 137 (37)}) 20. Rad1 $5 $146 ({Black obtained
a comfortable position in the following game:} 20. exf5 Kh8 21. Rad1 Bb7 22.
Rf4 Qd5 23. Bf1 Rg8 24. Kh1 Rad8 25. Qf2 Rg4 26. Rd2 Rdg8 27. Ne6 Qc6 $132 {
0-1 Rodshtein,M (2609)-So,W (2674)/Biel 2010/CBM 138 (39)}) 20... Qe7 (20...
fxe4 $5 {e.g.} 21. Qf4 Qe7 22. Qxe4 Bb7 $1 {and Black is apparently OK.}) 21.
Ba6 $5 Bd7 22. exf5 Kh8 {Black's position is less favourable now than in the
20.exf5 line as his bishop can't come out to the a8-h1 diagonal. Still, his
strong e5-knight guarantees him sure equality.} 23. Qc3 Rae8 24. Rf4 Rg8 25.
Bf1 Rc8 26. Qe1 Bc6 {Finally!} 27. h3 $6 {After this move the Black seizes the
initiative.} (27. Nxc6 {was nearly a must, e.g.} Rxc6 28. Kh1 Rc2 29. Rd2 $11)
27... Bd5 28. a4 Rg7 (28... Qa3 $5) 29. Qf2 Rcg8 30. Ne6 $1 {[%mdl 512] White
corrects his mistake. Black will have no winning chances despite his extra
pawn, due to the weakness of his f6-pawn and the fact that the position opens
up (therefore White's bishop will be stronger than Black's knight).} Bxe6 31.
fxe6 Qxe6 32. Kh1 Rg6 33. Rd2 Qe7 34. Rfd4 Rc8 35. Rd1 Rgg8 36. Qd2 Qg7 37. Qf2
Qe7 38. Qd2 Rg3 39. Rf4 Rg6 40. a5 bxa5 41. Qxa5 Rgg8 42. Ra1 1/2-1/2

[Event "FIDE World Cup"]
[Site "Tromsoe"]
[Date "2013.08.17"]
[Round "3.1"]
[White "Le, Quang Liem"]
[Black "Grischuk, Alexander"]
[Result "1-0"]
[WhiteElo "2702"]
[BlackElo "2785"]
[Annotator "Krasenkow,M"]
[PlyCount "87"]
[EventDate "2013.08.11"]
[EventType "k.o."]
[EventRounds "7"]
[EventCountry "NOR"]
[SourceTitle "CBM 156"]
[Source "ChessBase"]
[SourceDate "2013.09.17"]
[SourceVersion "1"]
[SourceVersionDate "2013.09.17"]
[SourceQuality "1"]

1. d4 Nf6 2. c4 g6 3. Nc3 d5 4. cxd5 Nxd5 5. e4 Nxc3 6. bxc3 Bg7 7. Bc4 c5 8.
Ne2 Nc6 9. Be3 O-O 10. O-O b6 11. Qd2 Bb7 12. Rfd1 Rc8 13. Rac1 e6 (13... cxd4
{was played in the World Championship match game Topalov - Anand, annotated by
GM Anish Giri in CBM 136. Here is a summary:} 14. cxd4 Qd6 $5 (14... e6 15. Bg5
(15. Bh6 {- game}) 15... Qd7 16. Bb5 a6 17. Ba4 b5 18. Bb3 Ne7 19. f3 Rxc1 20.
Rxc1 Rc8 21. Rxc8+ Nxc8 22. Be3 Ne7 23. Kf1 Qd6 $11 {1/2 (31) Kummer,H (2357)
-Huber,M (2230) Feldkirch AUT 2013}) 15. d5 (15. e5 $5 Qd7 (15... Qb4 16. e6 (
16. Rc3 $5 {A.Giri}) 16... f5 17. d5 Qxd2 18. Bxd2 Ne5 19. Bb3 Ba6 {1-0 (28)
Peralta,F (2606)-Ftacnik,L (2532) Istanbul 2012} 20. Nd4 $1 $14 Nd3 $140 21.
Rxc8 Rxc8 22. Nc6) 16. e6 $5 fxe6 17. Nf4 Nd8 $1 $13 {A.Giri}) (15. Bh6 Qb4 $1
16. Qxb4 Nxb4 17. Bxg7 Kxg7 18. a3 Nc6 19. d5 Ne5 20. Bb5 Rxc1 21. Rxc1 Rc8 22.
Rxc8 Bxc8 23. Nd4 g5 24. f3 {1/2 (24) Stella,A (2310)-Codenotti,M (2169)
Bratto 2010}) (15. Bf4 Qb4 $11 {1-0 (39) Zhukova,N (2499)-Nebolsina,V (2310)
Moscow 2010} (15... e5 $5 $11)) 15... Na5 (15... Ne5 $5 {A.Giri}) 16. Bb5 Rxc1
17. Rxc1 Rc8 $2 (17... e6 $1 $11 {A.Giri}) 18. h3 $2 (18. Rxc8+ Bxc8 19. Nd4 $1
$14 {A.Giri}) 18... Rxc1+ 19. Qxc1 e6 $11 {1/2 (60) Topalov,V (2805)-Anand,V 
(2787) Sofia 2010 CBM 136 [Giri,A]}) (13... Na5 $5 14. Bd3 cxd4 (14... e5 15.
dxe5 Bxe5 16. Bh6 Re8 17. Qe3 Qe7 18. f4 Bg7 19. Bxg7 Kxg7 20. Ng3 Rcd8 $11 {
0-1 (44) De Boer,G (2335)-Smejkal,J (2540) Berlin West 1984}) 15. cxd4 Qd7 16.
Bh6 Rxc1 17. Rxc1 Rc8 18. Rxc8+ Bxc8 19. Bxg7 Kxg7 20. Qc3 Qc6 $11 {1/2 (26)
Molina,R (2418)-Fusco,L (2383) Santos 2011}) 14. Bh6 cxd4 15. cxd4 (15. Bxg7
Kxg7 16. cxd4 Qd6 17. Qb2 Kg8 18. Bb5 Ne7 19. f3 Rxc1 20. Rxc1 Rc8 $11 {
0-1 (39) Moranda,W (2577)-Krasenkow,M (2619) Wroclaw 2011}) 15... Qh4 $1 16.
Bxg7 Kxg7 17. Qe3 (17. d5 $6 Ne5 18. Qd4 Qf6 19. Bb3 exd5 20. Rxc8 Rxc8 21.
exd5 Ba6 22. Nc3 Nd7 23. Ne4 Qxd4 24. Rxd4 Rc1+ 25. Rd1 Rxd1+ 26. Bxd1 Bc4 $17
{0-1 (33) Enchev,I (2435)-Grigorov,G (2497) Albena 2011}) 17... Rfd8 (17... Na5
$5 18. Bd3 Rxc1 19. Rxc1 Rc8 20. Rxc8 Bxc8 21. d5 exd5 22. exd5 Qf6 23. h3 Nb7
24. Ba6 {1/2 (24) Lubczynski,R (2368)-Kozakov,M (2423) Gdansk 2007}) 18. h3 (
18. Bb5 Qf6 19. Bxc6 Rxc6 20. Rxc6 Bxc6 21. d5 exd5 22. e5 Qe7 23. Nd4 Bd7 24.
f4 Rc8 25. h3 h6 26. Rd3 Rc4 {0-1 (52) Meyer,M (2348)-Petr,M (2468) Germany
2010 - a typical position, in which White does not have sufficient
compensation for the pawn.}) 18... Qe7 (18... Na5 $5 19. Bd3 Qe7) 19. Bb5 Qb4
$5 20. Rb1 Qe7 $11 {Black has comfortably developed his pieces and equalised;
however, the game continues.} 21. Nf4 Nb4 22. d5 $5 Nc2 23. Qg3 e5 (23... exd5
$5 24. exd5 Kg8) 24. Ne2 Na3 25. Rb3 Nxb5 26. Rxb5 Ba6 27. Rb2 Bxe2 28. Rxe2
Qd6 (28... Rc4 $5 {is more active.}) 29. Qd3 Rc5 $2 (29... Qc5 $1 {Black
should aim for the exchange of queens rather than rooks.}) 30. Rc2 Rdc8 31.
Rdc1 Kf8 (31... Rxc2 32. Rxc2 Rxc2 33. Qxc2 {is also poor for Black.}) 32. Qa3
Qe7 33. Rxc5 Rxc5 $6 (33... bxc5 34. Qa6 $16) 34. Rxc5 Qxc5 $2 ({The queen
endgame after} 34... bxc5 35. Qa6 {should be winning for White but the pawn
ending is even simpler. White's protected passed pawn decides the game. It was
not the first time that Alexander Grischuk had absolutely wrongly evaluated a
pawn endgame (see his game against Kramnik in the Candidates tournament).}) 35.
Qxc5+ bxc5 {[%mdl 4096]} 36. Kf1 Ke7 37. Ke2 f5 38. f3 Kd6 (38... c4 39. Kd2
Kd6 40. Kc3 Kc5 41. g4 fxg4 42. fxg4 g5 43. a3 h6 44. a4 a6 45. Kc2 {, and
White wins by means of multiple triangulation Kc2-b2-c3 with a zugzwang}) (
38... Kd7 39. Kd3 a6 40. Kc4 Kd6 {also loses - after} 41. g4 $1 ({or even} 41.
a3 f4 42. h4 h6 43. a4 h5 44. a5) 41... fxg4 42. fxg4 g5 43. a3 h6 44. a4 {
Black lacks reserve moves on the kingside.}) 39. Kd3 f4 40. h4 Kc7 41. Kc4 Kd6
42. Kb5 h6 43. Kc4 a6 44. a3 (44. a3 h5 45. a4 $22 $18) 1-0